000 01051cab a2200337 4500
001 ABS48279
008 090401t1993 xxu||||| |||| 00| 0 eng d
035 _a(Sirsi) u65892
041 _aeng
100 _aDavenport, D.
245 _aFrench lessons: compare and contrast
260 _c1993
350 _a0
490 _aChartered Quantity Surveyor
_v15(7) March 1993, 10-13(3)
520 _aCompares tendering methods in France and the UK, describing French legislation on competition and the types of contract in use, and noting the lack of emphasis placed on procurement.
650 _aAPPEL DOFFRES
650 _aBANWELL
650 _aCROUPEMENT SOLIDAIRE
650 _aENTERPRISE GENERAL
650 _aEUROPE
650 _aGROUPE CONJOINTS
650 _aLADJUDICATION
650 _aMARCHES NEGOCIES
650 _aPRIVATE CONTRACTS
650 _aPUBLIC CONTRACTS
650 _aSTANDARD FORMS
690 _aBUILT ENVIRONMENT-BUILDING CONTRACT FORMS
690 _aOVERSEAS-EUROPE
942 _n0
948 _c04/03/1997
999 _c41153
_d41153